00749 2200253 4500001002100000005001700021020002200038035002500060040001200085082001000097084002000107090002000127100001800147245012000165250001100285260003800296300003600334500003200370650001900402700002400421700001800445700002000463850001200483YOGYA00000000009864120141217081354.0 a978-602-8696-34-0 a0010-021400000000151 aYOPDYOG a618.2 aDEP 618.2 Yaz S aDEP 618.2 Yaz S aYAZID SUBAKTI a99 Mitos Seputar kehamilanc/ Yazid Subakti dan Deri Rizki Anggrani ; penyunting, Pratiwi Utami dan Fenita Agustina aCet. 1 aYogyakartabGreat Publisherc2012 a227 hlm.bilus.c24 cm. (2eks.) aBibliografi : hlm. 226-227. aIlmu Kandungan aDeri Rizki Anggrani aPratiwi Utami aFenita Agustina aYOPDYOG